000 01719ncm0a2200361 4500
001 RU\NLR\ONIZ\224833
005 20250626151327.0
010 _a978-5-8128-0078-9
035 _aRU\NLR\ONIZ\GALA\5000034059\20190118122903
035 _a(NLR Aleph) 011915587
090 _a10961300
_c10961300
100 _a20190118d2007 |||y0rusy50 ca
101 0 _arus
102 _aRU
125 _aax
200 1 _aДавай поиграем!
_bНоты
_eкак подготовить ребёнка к обучению в музыкальной школ
_eразвитие музыкальных способностей у детей 4-6 лет
_eдля преподавателей ДМШ
_fС. А. Яневич
_gоформ. А. Веселова
210 _aСанкт-Петербург
_cСоюз художников
_d2007
215 _a28 с.
_cил.
_d29 см
606 1 _aПособия для развития музыкальных способностей у детей дошкольного возраста
_2nlr_sh
686 _aЩ98я70
_vLBC/SL
_2rubbk
686 _aЩ907(2Р=Р)
_vLBC/SL
_2rubbk
700 1 _9z01790
_aЯневич
_bС. А.
_gСветлана Александровна
_4070
_7ca
702 1 _9z02790
_aВеселов
_bА. В.
_cхудожник-оформитель
_gАлександр Владимирович
_4040
_7ca
790 1 _9z01700
_aJanevič
_bS. A.
_gSvetlana Aleksandrovna
_4070
_7ba
790 1 _9z02702
_aVeselov
_bA. V.
_gAleksandr Vladimirovič
_4040
_7ba
801 0 _aRU
_bNLR
_c20190118
_gPSBO
801 1 _aRU
_bNLR
_c20190118
_2rusmarc
801 2 _aRU
_bNLR
_c20191228
852 _aNLR
_bМ
_jК-3/29686
_p267839
_t1
942 _cSCORE
980 _aNB
980 _aONIZ